| 000 | 00749nam a22002417a 4500 | ||
|---|---|---|---|
| 005 | 20161125124032.0 | ||
| 010 | _aENG-116655 | ||
| 020 |
_a9789380570877 _c950.00 |
||
| 035 | _aEN-100187 | ||
| 037 | _bDBAD/PUB | ||
| 082 | _a370.1523 | ||
| 245 |
_aLearning: issues and aspects / _cedited by Girish Choudhary...[et... al] |
||
| 260 |
_aNew Delhi _bGlobal Books Organisation _c2016 |
||
| 270 |
_aSarashwati House,U-9, Subhash Park, Uttam Nagar _bNew Delhi _e110059 |
||
| 300 |
_axiv,412p. : _c22cm(pbk) _bill |
||
| 500 | _aIncludes index | ||
| 700 | _aChoudhary,Girish | ||
| 700 | _aMalaviya,Renu | ||
| 700 | _aKalra,Mani Bhasin | ||
| 700 | _aAsthana,Neelima | ||
| 700 | _aMehta,Richa | ||
| 942 |
_2ddc _cEN _h370.1523 _mLEA |
||
| 999 |
_c104765 _d104765 |
||